MARC

Tag First Indicator Second Indicator Subfields
LEADER 00000cam a2200000 a 4500
001 in00002178643
005 20151104061123.0
008 840516s1982 fr a bf 001 0 fre
010 |a  83217056  
020 |a 211084471X (set) 
029 1 |a NLGGC  |b 841814511 
029 1 |a NLGGC  |b 226999963 
035 |a (OCoLC)ocm10824444 
040 |a DLC  |c DLC  |d OCL  |d AGL  |d OCLCQ  |d NLGGC  |d TXA  |d UtOrBLW 
043 |a w------  |a f------  |a aw----- 
049 |a TXAM 
050 0 0 |a SB945.L7  |b M35 1982 
070 0 |a SB945.L7  |b M35 1982 
072 0 |a F821 
082 0 0 |a 632/.726  |2 19 
084 |a 42.75  |2 bcl 
245 0 0 |a Manuel de prospection acridienne en zone tropicale séche /  |c par J.-F. Duranton [and others]. 
264 1 |a Paris :  |b République française, Ministère des relations extérieures--Coopération et développement [et] Groupement d'études et de recherches pour le développement de l'agronomie tropicale,  |c [1982] 
264 4 |c ©1982 
300 |a 2 volumes (1496 pages) :  |b illustrations (some color) ;  |c 19 cm. 
336 |a text  |b txt  |2 rdacontent 
337 |a unmediated  |b n  |2 rdamedia 
338 |a volume  |b nc  |2 rdacarrier 
504 |a Includes bibliographical references (pages 1339-1405). 
500 |a Includes indexes. 
505 0 |a t. 1. De la théorie-- -- t. 2. --à la pratique. 
650 0 |a Locusts  |z Tropics  |v Handbooks, manuals, etc. 
650 0 |a Locusts  |x Control  |z Tropics  |v Handbooks, manuals, etc. 
650 0 |a Locusts  |z Africa  |v Handbooks, manuals, etc. 
650 0 |a Locusts  |x Control  |z Africa  |v Handbooks, manuals, etc. 
650 0 |a Locusts  |z Middle East  |v Handbooks, manuals, etc. 
650 0 |a Locusts  |x Control  |z Middle East  |v Handbooks, manuals, etc. 
650 0 |a Arid regions ecology  |z Tropics  |v Handbooks, manuals, etc. 
650 0 |a Arid regions ecology  |z Africa  |v Handbooks, manuals, etc. 
650 0 |a Arid regions ecology  |z Middle East  |v Handbooks, manuals, etc. 
700 1 |a Duranton, J.-F.  |q (Jean-François) 
994 |a C0  |b TXA 
948 |a cataloged  |b h  |c 2006/7/19  |d c  |e lpayne  |f 2:23:10 pm 
999 |a MARS 
999 f f |s aca37232-3847-3015-846b-73db746782a4  |i 605f9236-a165-30b1-a3be-3d47bd7eea39  |t 0 
952 f f |p ric  |a Texas A&M University  |b Rellis Campus  |c Joint Library Facility  |d Remote Storage  |t 0  |e SB945.L7 M35 1982  |h Library of Congress classification  |i unmediated -- volume  |k v.1  |m A14834576886 
998 f f |a SB945.L7 M35 1982  |s v.1  |t 0  |l Remote Storage